| 000 | 01367cam a22003733a 4500 | ||
|---|---|---|---|
| 001 | 2442 | ||
| 005 | 20231211143053.0 | ||
| 020 | _a0786846518 (pbk.) | ||
| 020 | _a9780786847099 | ||
| 040 |
_aOEK _cOEK _dDLC _beng |
||
| 050 | 0 | 0 | _aCPB Box no. 2260 vol. 9 |
| 082 | _a813.6 | ||
| 100 | 1 | _aAlfonsi, Alice | |
| 245 | 1 | 0 |
_aFreaked out / _cadapted by Alice Alfonsi ; based on the series created by Terri Minsky ; part One is based on a teleplay written by Melissa Gould ; part Two is based on a teleplay written by Douglas Tuber & Tim Maile |
| 246 | 3 | _aLizzie McGuire, freaked out | |
| 250 | _aFirst edition | ||
| 260 |
_aNew York : _bDisney Press, _c2004 |
||
| 300 |
_a148 pages : _billustrations ; _c20 cm |
||
| 490 | 0 |
_aLizzie McGuire ; _vBook 15 |
|
| 505 | _aO | ||
| 520 | _aLizzie and her brother switch bodies and she must get back into her own body. | ||
| 521 |
_a600 _bLexile estimate |
||
| 521 |
_aO _bRaz-Plus |
||
| 650 | 0 |
_aJunior high school students _vJuvenile fiction. |
|
| 650 | 0 |
_aBrothers and sisters _vJuvenile fiction. |
|
| 655 | 7 |
_aChildren's stories. _2lcsh |
|
| 655 | 7 |
_aRadio and television novels. _2gsafd |
|
| 700 | 1 |
_aTuber, Douglas _eauthor |
|
| 700 | 1 |
_aGould, Melissa _eauthor |
|
| 700 | 1 |
_aMaile, Tim _eauthor |
|
| 700 | 1 |
_aMinsky, Terri _eauthor |
|
| 906 |
_a7 _bcbc _ccopycat _d2 _encip _f20 _gy-genrareb |
||
| 942 |
_2ddc _cBK _n0 |
||
| 999 |
_c2442 _d2442 |
||